00835nam a2200241 i 4500003000900000005001700009007000300026008004100029040002500070082001300095245009600108260001000204264006000214300002500274336002700299337003300326338002800359590002800387910000700415942001400422952014000436999001700576DO-SdBNP20230620112809.0ta190726s2005 000 spa d aDO-SdBNPbspacBNPHU bT186222 0aTarifas de salarios mínimos nacionales :.baprobadas por el Comité Nacional de Salarios c2005. aSanto Domingo :bSecretaria de Estado, de Trabajoc2005 a116 paginas ;c22 cm 2rdacontentatextobtxt 2rdamediaasin mediaciónbn 2rdacarrieravolumenbnc aInventariado, 2023 / DG aDG 2ddccLBS1 00102ddc51708PDaBNPHUbBNPHUcCTd2023-06-20edonado por Maritza Báezl0oBNPHU PD T186p2023-2588r2023-06-20w2023-06-20yLBS1 c48680d48680